[Event "ESP-ch U14 rapid"]
[Site "Salobrena"]
[Date "2023.07.22"]
[Round "1"]
[White "Perea Fruet, Federico"]
[Black "Ruiz Beri, Hector"]
[Result "1-0"]
[WhiteElo "1726"]
[BlackElo "1287"]
[PlyCount "117"]
[EventDate "2023.07.22"]
[EventType "swiss (rapid)"]
[EventRounds "9"]
[EventCountry "ESP"]
[SourceTitle "EXT 2024"]
[Source "ChessBase"]
[SourceDate "2023.10.10"]
[SourceVersion "1"]
[SourceVersionDate "2023.10.10"]
[SourceQuality "1"]

1. e4 c5 2. Nc3 Nc6 3. g3 e6 4. Bg2 Nge7 5. d3 d5 6. exd5 exd5 7. Nge2 g6 8. Nf4 d4 9. Ne4 Bg7 10. 0-0 b6 11. Re1 0-0 12. Bd2 Bb7 13. a3 h6 14. Bc1 Rb8 15. Rb1 a5 16. b3 Qc7 17. h4 Ne5 18. b4 N7c6 19. bxc5 bxc5 20. Nxc5 Ba8 21. Na6 Qa7 22. Nxb8 Rxb8 23. Rxb8+ Nxb8 24. Be4 Bxe4 25. Rxe4 f5 26. Rxe5 Bxe5 27. Nxg6 Bg7 28. Qh5 Qf7 29. Bxh6 Bxh6 30. Qxh6 Qg7 31. Qxg7+ Kxg7 32. Nf4 Kf6 33. h5 Nd7 34. Kf1 Nf8 35. Ke2 Ke5 36. Ng6+ Nxg6 37. hxg6 Kf6 38. Kf3 Kxg6 39. g4 Kg5 40. gxf5 Kxf5 41. Kg3 Kf6 42. f4 Kf5 43. Kf3 a4 44. Kg3 Kf6 45. Kg4 Kg6 46. f5+ Kf6 47. Kf4 Kf7 48. Ke5 Ke7 49. Kxd4 Kf6 50. Ke4 Kf7 51. c4 Ke7 52. Ke5 Kd7 53. c5 Ke8 54. d4 Kd7 55. f6 Ke8 56. c6 Kd8 57. f7 Ke7 58. c7 Kxf7 59. c8Q 1-0